[Event "Gausdal Classics GMA"]
[Site "Gausdal NOR"]
[Date "2008.04.08"]
[Round "1"]
[White "Ikonnikov, Vy"]
[Black "Sandipan, C."]
[Result "1/2-1/2"]
[WhiteElo "2578"]
[BlackElo "2585"]
[PlyCount "87"]
[EventDate "2008.04.08"]

1. d4 d5 2. Nf3 Nf6 3. c4 c6 4. Nc3 e6 5. Bg5 h6 6. Bxf6 Qxf6 7. e3 Nd7 8. Qc2
g6 9. cxd5 exd5 10. Bd3 Bg7 11. O-O O-O 12. b4 Qd6 13. Rab1 Nb6 14. Nd2 Be6 15.
Na4 Nxa4 16. Qxa4 b5 17. Qc2 a5 18. bxa5 Rxa5 19. Nb3 Ra3 20. Rbc1 Bd7 21. Qc5
Qxc5 22. Nxc5 Bf5 23. Bxf5 gxf5 24. g3 Rfa8 25. Nd7 Rd8 26. Nb6 Rxa2 27. Rxc6
Bf8 28. Rb1 b4 29. Rc7 Ra5 30. Rd7 Rxd7 31. Nxd7 Bd6 32. Kf1 Kg7 33. Ke2 f6 34.
Nc5 Bxc5 35. dxc5 Rxc5 36. Rxb4 Ra5 37. Kf3 Kg6 38. h3 Rc5 39. Rf4 h5 40. Ra4
Rb5 41. Ra8 Rc5 42. Rg8+ Kh7 43. Rd8 Kg6 44. Rg8+ 1/2-1/2

[Event "Gausdal Classics GMA"]
[Site "Gausdal NOR"]
[Date "2008.04.08"]
[Round "1"]
[White "Hole, O."]
[Black "Lie, K."]
[Result "0-1"]
[WhiteElo "2387"]
[BlackElo "2558"]
[PlyCount "44"]
[EventDate "2008.04.08"]

1. Nf3 d5 2. d4 Nc6 3. c4 Bg4 4. Nc3 e6 5. Bf4 Bb4 6. e3 Nf6 7. h3 Bxf3 8. Qxf3
Ne4 9. Rc1 Qe7 10. Qd1 e5 11. dxe5 d4 12. exd4 O-O-O 13. Be3 Nxe5 14. Be2 c5
15. d5 f5 16. O-O Bxc3 17. bxc3 g5 18. Bd3 g4 19. Bxe4 fxe4 20. hxg4 Rhg8 21.
g5 Nf3+ 22. Kh1 Rxg5 0-1

[Event "Gausdal Classics GMA"]
[Site "Gausdal NOR"]
[Date "2008.04.08"]
[Round "1"]
[White "Macieja, B."]
[Black "Moskow, E."]
[Result "1-0"]
[WhiteElo "2599"]
[BlackElo "2229"]
[PlyCount "59"]
[EventDate "2008.04.08"]

1. e4 c5 2. Nf3 d6 3. d4 cxd4 4. Nxd4 Nf6 5. Nc3 g6 6. Be3 Bg7 7. f3 Nc6 8. Qd2
O-O 9. Bc4 Bd7 10. O-O-O Rc8 11. Bb3 Ne5 12. Kb1 Re8 13. h4 h5 14. Bg5 Rc5 15.
f4 Nc4 16. Qd3 Qc8 17. f5 Ne5 18. Qe2 Rxc3 19. bxc3 Kh7 20. Rh3 Nfg4 21. Nf3
Qc5 22. Nxe5 Nxe5 23. Rg3 Bb5 24. Qe3 gxf5 25. exf5 Qa3 26. Bxe7 Ng4 27. Qg5
Bh6 28. Qxh5 Rxe7 29. Qxg4 Re8 30. Bxf7 1-0

[Event "Gausdal Classics GMA"]
[Site "Gausdal NOR"]
[Date "2008.04.09"]
[Round "2"]
[White "Krush, I."]
[Black "Ikonnikov, Vy"]
[Result "1-0"]
[WhiteElo "2479"]
[BlackElo "2578"]
[PlyCount "67"]
[EventDate "2008.04.08"]

1. d4 Nf6 2. c4 e6 3. Nc3 Bb4 4. Qc2 d6 5. e3 O-O 6. Bd3 e5 7. Nge2 Re8 8. O-O
Bxc3 9. Qxc3 e4 10. Bc2 Bf5 11. b4 Nbd7 12. a4 c6 13. b5 Rc8 14. Ng3 Bg6 15.
Ba3 cxb5 16. axb5 Nd5 17. Qb3 N5b6 18. Bxd6 Nxc4 19. Bb4 Qb6 20. h3 h5 21. Rfe1
f5 22. Qa4 Bf7 23. Bb3 g6 24. Ne2 Ra8 25. Rec1 Rec8 26. Be1 Nd6 27. Bxf7+ Kxf7
28. Qb3+ Kg7 29. Qe6 Nf6 30. Ba5 Rxc1+ 31. Rxc1 Qxa5 32. Qxd6 Rf8 33. Nf4 Rf7
34. Ne6+ 1-0

[Event "Gausdal Classics GMA"]
[Site "Gausdal NOR"]
[Date "2008.04.09"]
[Round "2"]
[White "Sandipan, C."]
[Black "Hole, O."]
[Result "1-0"]
[WhiteElo "2585"]
[BlackElo "2387"]
[PlyCount "53"]
[EventDate "2008.04.08"]

1. e4 c6 2. d4 d5 3. Nd2 dxe4 4. Nxe4 Bf5 5. Nc5 b6 6. Nb3 e6 7. Nf3 Qc7 8. g3
Nd7 9. Bg2 Ngf6 10. Qe2 Bd6 11. Nh4 Bg6 12. Nxg6 hxg6 13. O-O O-O 14. c4 Rac8
15. Be3 Qb7 16. Rfd1 b5 17. c5 Bc7 18. h4 Rfe8 19. Rac1 Nd5 20. Bg5 N7f6 21.
Bxf6 gxf6 22. Re1 Rcd8 23. h5 g5 24. h6 a5 25. f4 gxf4 26. Qg4+ Kf8 27. h7 1-0

[Event "Gausdal Classics GMA"]
[Site "Gausdal NOR"]
[Date "2008.04.10"]
[Round "3"]
[White "Macieja, B."]
[Black "Sandipan, C."]
[Result "0-1"]
[WhiteElo "2599"]
[BlackElo "2585"]
[PlyCount "158"]
[EventDate "2008.04.08"]

1. d4 d5 2. c4 c6 3. Nc3 Nf6 4. cxd5 cxd5 5. Bf4 Nc6 6. e3 e6 7. Bd3 Be7 8. h3
O-O 9. Nf3 Bd7 10. O-O Rc8 11. Rc1 a6 12. Ne5 Be8 13. a3 Kh8 14. Bb1 Ng8 15. e4
dxe4 16. Nxe4 f5 17. Nxc6 Bxc6 18. Nc3 Bg5 19. Qd2 Bxf4 20. Qxf4 Nf6 21. Ba2
Nh5 22. Qe3 f4 23. Qe5 Rf5 24. Qxe6 Bd7 25. Qe4 f3 26. g3 Qg5 27. Qg4 Qh6 28.
h4 Nxg3 29. Qxg3 Rf4 30. Bd5 Rg4 31. Bxf3 Rxg3+ 32. fxg3 Qe3+ 33. Kg2 Qd2+ 34.
Ne2 Rxc1 35. Rxc1 g5 36. hxg5 Bb5 37. Kf2 Bxe2 38. Rc8+ Kg7 39. Bxe2 Qxd4+ 40.
Kf1 Qxb2 41. Rc7+ Kg6 42. a4 Qa1+ 43. Kf2 Qd4+ 44. Kf1 Qe4 45. Kf2 Kxg5 46. Rc4
Qf5+ 47. Rf4 Qc5+ 48. Kg2 b5 49. axb5 axb5 50. Bxb5 Qxb5 51. Kg1 Qe2 52. Kh1
Qd1+ 53. Kg2 Qd2+ 54. Kg1 Qc2 55. Kh1 Qe2 56. Kg1 h5 57. Kh1 h4 58. Rxh4 Qf3+
59. Kh2 Qf2+ 60. Kh3 Qg1 61. Rg4+ Kf5 62. Rf4+ Ke5 63. Kh4 Qh2+ 64. Kg4 Qh1 65.
Rc4 Qd1+ 66. Kh4 Kf6 67. Rc6+ Kf5 68. Rc5+ Ke4 69. Kh3 Qd3 70. Rc7 Qf1+ 71. Kh2
Qf2+ 72. Kh3 Qf5+ 73. Kg2 Qd5 74. Re7+ Kf5+ 75. Kh2 Kg4 76. Re2 Qd3 77. Rg2 Qc3
78. Rg1 Qh8+ 79. Kg2 Qb2+ 0-1

[Event "Gausdal Classics GMA"]
[Site "Gausdal NOR"]
[Date "2008.04.10"]
[Round "3"]
[White "Moskow, E."]
[Black "Lie, K."]
[Result "1/2-1/2"]
[WhiteElo "2229"]
[BlackElo "2558"]
[PlyCount "98"]
[EventDate "2008.04.08"]

1. Nf3 Nc6 2. c4 e5 3. Nc3 Nf6 4. a3 d6 5. g3 Be6 6. d4 exd4 7. Nxd4 Nxd4 8.
Qxd4 Be7 9. Bg2 c6 10. O-O O-O 11. Rd1 Qb6 12. Bf4 Qb3 13. Bxd6 Bxd6 14. Qxd6
Qxb2 15. Qd4 Qb6 16. c5 Qc7 17. Ne4 Nxe4 18. Qxe4 Rfe8 19. Qb4 a5 20. Qb2 a4
21. Rac1 Rad8 22. e3 Bb3 23. Rd4 Rxd4 24. Qxd4 Rd8 25. Qc3 Qd7 26. Bf1 Qd2 27.
Bc4 Qxc3 28. Rxc3 Rd1+ 29. Kg2 Rb1 30. Bxb3 Rxb3 31. Rc4 Rxa3 32. Rb4 Rb3 33.
Rxa4 Kf8 34. Ra8+ Ke7 35. Rc8 h5 36. Rc7+ Ke6 37. Kf3 g6 38. h4 Rb2 39. e4 f5
40. exf5+ Kxf5 41. Rf7+ Ke5 42. Rg7 Rb3+ 43. Ke2 Kf5 44. Rf7+ Ke4 45. Rf4+ Ke5
46. Rf7 Kd4 47. Rg7 Rb5 48. Rxg6 Rxc5 49. Rg5 Rxg5 1/2-1/2

[Event "Gausdal Classics GMA"]
[Site "Gausdal NOR"]
[Date "2008.04.10"]
[Round "3"]
[White "Kaidanov, G."]
[Black "Kotronias, V."]
[Result "1-0"]
[WhiteElo "2596"]
[BlackElo "2611"]
[PlyCount "73"]
[EventDate "2008.04.08"]

1. e4 c5 2. Nf3 Nc6 3. d4 cxd4 4. Nxd4 Nf6 5. Nc3 e5 6. Ndb5 d6 7. Nd5 Nxd5 8.
exd5 Nb8 9. a4 Be7 10. Be2 O-O 11. O-O Nd7 12. f4 a6 13. Na3 exf4 14. Bxf4 Bg5
15. Bxg5 Qxg5 16. Nc4 Nb6 17. Qd4 Bh3 18. Rf2 Nxc4 19. Bxc4 Rae8 20. Qb6 Re4
21. Bf1 f5 22. Qxb7 f4 23. Qxa6 f3 24. Qxd6 Bxg2 25. Bxg2 h5 26. Kh1 fxg2+ 27.
Rxg2 Rg4 28. Qe6+ Kh8 29. Rxg4 hxg4 30. Rg1 Rf4 31. d6 Qa5 32. Re1 Qa8+ 33. Kg1
Kh7 34. d7 Rxa4 35. Qf5+ g6 36. Qf7+ Kh6 37. Qe8 1-0

[Event "Gausdal Classics GMA"]
[Site "Gausdal NOR"]
[Date "2008.04.10"]
[Round "3"]
[White "Ikonnikov, Vy"]
[Black "Gopal, G."]
[Result "1/2-1/2"]
[WhiteElo "2578"]
[BlackElo "2562"]
[PlyCount "75"]
[EventDate "2008.04.08"]

1. d4 Nf6 2. Nf3 g6 3. c4 Bg7 4. Nc3 d5 5. cxd5 Nxd5 6. e4 Nxc3 7. bxc3 c5 8.
Be3 Qa5 9. Qd2 O-O 10. Rc1 Rd8 11. Bh6 cxd4 12. Bxg7 Kxg7 13. cxd4 Nc6 14. Qxa5
Nxa5 15. Kd2 Be6 16. d5 f5 17. Nd4 Bg8 18. f3 fxe4 19. fxe4 e6 20. Rc5 b6 21.
Rc7+ Kf6 22. Nf3 exd5 23. e5+ Ke6 24. Ba6 Nc4+ 25. Bxc4 dxc4+ 26. Kc3 b5 27.
Re1 Rd3+ 28. Kb4 Rd5 29. Kc3 Rd3+ 30. Kb4 Rd5 31. Kc3 Rd3+ 32. Kb4 Rd5 33. Ng5+
Kf5 34. Nf3 Ke6 35. Rc6+ Ke7 36. Ra6 Be6 37. Ng5 Bf5 38. h3 1/2-1/2

[Event "Gausdal Classics GMA"]
[Site "Gausdal NOR"]
[Date "2008.04.11"]
[Round "4"]
[White "Gopal, G."]
[Black "Hole, O."]
[Result "1/2-1/2"]
[WhiteElo "2562"]
[BlackElo "2387"]
[PlyCount "101"]
[EventDate "2008.04.08"]

1. e4 c6 2. d4 d5 3. e5 c5 4. Nf3 Bg4 5. c4 e6 6. Qb3 Qd7 7. cxd5 exd5 8. Bb5
Nc6 9. dxc5 Bxc5 10. O-O Nge7 11. Bg5 O-O 12. Nbd2 a6 13. Bd3 h6 14. Bf4 Rac8
15. Rac1 Nd4 16. Nxd4 Bxd4 17. Bb1 Ba7 18. Rce1 Rfe8 19. Bg3 Be6 20. Kh1 Rc5
21. Qd1 Bf5 22. f4 Rc7 23. Nb3 Bxb1 24. Qxb1 Nf5 25. Bf2 Bxf2 26. Rxf2 g6 27.
Qd3 Rd8 28. g4 Ng7 29. f5 Qb5 30. Qe3 g5 31. Nd4 Qb6 32. e6 f6 33. Rd2 Rdc8 34.
Nb3 Qd6 35. Qf3 Rd8 36. Red1 Qe5 37. Rxd5 Rxd5 38. Qxd5 Qf4 39. Qg2 h5 40. h3
Qe3 41. Nd2 hxg4 42. Nf1 Qxh3+ 43. Qxh3 gxh3 44. Rd8+ Kh7 45. Ne3 Rc1+ 46. Kh2
Re1 47. Rd3 g4 48. Nxg4 Nxf5 49. Nxf6+ Kg6 50. Nd5 Kg5 51. e7 1/2-1/2

[Event "Gausdal Classics GMA"]
[Site "Gausdal NOR"]
[Date "2008.04.11"]
[Round "4"]
[White "Kaidanov, G."]
[Black "Ikonnikov, Vy"]
[Result "1/2-1/2"]
[WhiteElo "2596"]
[BlackElo "2578"]
[PlyCount "47"]
[EventDate "2008.04.08"]

1. d4 Nf6 2. c4 e6 3. g3 Bb4+ 4. Bd2 Qe7 5. Nf3 Nc6 6. Nc3 O-O 7. Bg2 d6 8. d5
Ne5 9. Nxe5 dxe5 10. O-O exd5 11. Nxd5 Nxd5 12. cxd5 Bd6 13. Qb3 f5 14. e3 b6
15. Rfe1 e4 16. f4 exf3 17. Bxf3 Qf7 18. Bg2 a5 19. Rf1 Ba6 20. Rf2 Qg6 21. Bc3
Rae8 22. Bd4 Re7 23. Qc2 Qh5 24. Rc1 1/2-1/2

[Event "Gausdal Classics GMA"]
[Site "Gausdal NOR"]
[Date "2008.04.12"]
[Round "5"]
[White "Moskow, E."]
[Black "Krush, I."]
[Result "1/2-1/2"]
[WhiteElo "2229"]
[BlackElo "2479"]
[PlyCount "165"]
[EventDate "2008.04.08"]

1. Nf3 d5 2. c4 dxc4 3. Qa4+ Nd7 4. g3 e6 5. Bg2 Ngf6 6. O-O a6 7. Qxc4 b5 8.
Qc6 Rb8 9. d4 Bb7 10. Qc2 c5 11. a4 Be7 12. axb5 axb5 13. dxc5 Bxc5 14. Bf4 Rc8
15. Qb3 b4 16. Ne5 Bxg2 17. Kxg2 Nxe5 18. Bxe5 O-O 19. Bxf6 Qxf6 20. Nd2 Qe5
21. Rfe1 Qd4 22. e3 Qd7 23. Qd1 Qd5+ 24. Nf3 Qe4 25. Qe2 Be7 26. Rec1 Bf6 27.
Kg1 h6 28. Nd2 Qd5 29. Nc4 Rc6 30. Rab1 b3 31. e4 Qb5 32. e5 Bg5 33. f4 Bxf4
34. gxf4 Rfc8 35. Ra1 Rxc4 36. Rxc4 Qxc4 37. Qf2 Qc2 38. Rf1 Qxf2+ 39. Rxf2 Rc2
40. Kg2 Kh7 41. Kf3 Kg6 42. Ke3 Rxf2 43. Kxf2 Kf5 44. Ke3 Kg4 45. Ke4 h5 46.
Ke3 h4 47. Ke4 h3 48. Ke3 f5 49. exf6 gxf6 50. Ke4 Kh5 51. Kf3 Kg6 52. Kg4 e5
53. fxe5 fxe5 54. Kxh3 Kf5 55. Kg2 Ke4 56. h4 Kd3 57. h5 e4 58. h6 e3 59. h7 e2
60. h8=Q e1=Q 61. Qf6 Kc2 62. Kh3 Qd2 63. Kg4 Kb1 64. Qe5 Qxb2 65. Qe1+ Ka2 66.
Qa5+ Qa3 67. Qd5 Qb4+ 68. Kh5 Ka3 69. Qa8+ Qa4 70. Qf8+ Ka2 71. Qf7 Qd4 72. Qe6
Qd1+ 73. Kh4 Ka1 74. Qa6+ Kb1 75. Qg6+ Kc1 76. Qg5+ Qd2 77. Qg1+ Kc2 78. Qc5+
Kd1 79. Qh5+ Ke1 80. Qe5+ Kd1 81. Qh5+ Kc1 82. Qc5+ Kb1 83. Qg1+ 1/2-1/2

[Event "Gausdal Classics GMA"]
[Site "Gausdal NOR"]
[Date "2008.04.13"]
[Round "6"]
[White "Kaidanov, G."]
[Black "Macieja, B."]
[Result "1/2-1/2"]
[WhiteElo "2596"]
[BlackElo "2599"]
[PlyCount "40"]
[EventDate "2008.04.08"]

1. d4 Nf6 2. c4 e6 3. g3 Bb4+ 4. Bd2 Be7 5. Bg2 d5 6. Nf3 O-O 7. O-O c6 8. Qb3
b6 9. Nc3 Nbd7 10. Rac1 Bb7 11. cxd5 cxd5 12. Rc2 Rc8 13. Rfc1 a6 14. a4 h6 15.
Na2 Rxc2 16. Rxc2 Qa8 17. a5 bxa5 18. Bxa5 Bc6 19. Bb4 Bxb4 20. Nxb4 Bb5
1/2-1/2

[Event "Gausdal Classics GMA"]
[Site "Gausdal NOR"]
[Date "2008.04.13"]
[Round "6"]
[White "Ikonnikov, Vy"]
[Black "Hole, O."]
[Result "1-0"]
[WhiteElo "2578"]
[BlackElo "2387"]
[PlyCount "111"]
[EventDate "2008.04.08"]

1. d4 d5 2. Nf3 Nf6 3. c4 c6 4. Nc3 dxc4 5. a4 Bf5 6. e3 e6 7. Bxc4 Bb4 8. O-O
O-O 9. Qe2 Bg6 10. Ne5 Nbd7 11. Nxg6 hxg6 12. Na2 Bd6 13. f4 Qb6 14. Nc3 c5 15.
d5 exd5 16. Nxd5 Nxd5 17. Bxd5 Nf6 18. Bf3 Rae8 19. Qb5 Re7 20. Qxb6 axb6 21.
Rd1 Bc7 22. Ra3 Ne4 23. Rad3 Rfe8 24. Rd7 Nf6 25. Rxe7 Rxe7 26. Kf2 Kf8 27. b3
Ne4+ 28. Bxe4 Rxe4 29. Rd7 Re7 30. Rxe7 Kxe7 31. Bb2 f6 32. Ke2 g5 33. fxg5
Bxh2 34. gxf6+ gxf6 35. g4 Bc7 36. Kd3 Ke6 37. Kc4 Bd8 38. Bc3 Kd6 39. Be1 Ke5
40. Kd3 Kd5 41. Bg3 Be7 42. e4+ Kc6 43. Kc4 Bd6 44. Bxd6 Kxd6 45. Kd3 Ke5 46.
Ke3 b5 47. axb5 b6 48. Kf3 Kd4 49. Kf4 Kc3 50. e5 fxe5+ 51. Kxe5 Kxb3 52. g5 c4
53. g6 c3 54. g7 c2 55. g8=Q+ Kb2 56. Qc4 1-0

[Event "Gausdal Classics GMA"]
[Site "Gausdal NOR"]
[Date "2008.04.13"]
[Round "6"]
[White "Gopal, G."]
[Black "Moskow, E."]
[Result "1-0"]
[WhiteElo "2562"]
[BlackElo "2229"]
[PlyCount "87"]
[EventDate "2008.04.08"]

1. Nf3 Nf6 2. g3 d5 3. Bg2 c6 4. d3 Bf5 5. Nbd2 h6 6. O-O e6 7. Qe1 Be7 8. e4
Bh7 9. Ne5 Nbd7 10. Nxd7 Nxd7 11. f4 O-O 12. Kh1 dxe4 13. dxe4 Nc5 14. Qe3 Qd7
15. Nb3 Na4 16. Na5 Rfd8 17. Qe2 Qc7 18. Nc4 Nc5 19. f5 f6 20. Bf4 e5 21. Be3
b5 22. Nd2 Na4 23. b3 Nc3 24. Qg4 Kh8 25. Nf3 Bf8 26. Nh4 a5 27. Ng6+ Bxg6 28.
fxg6 Qe7 29. a3 c5 30. a4 c4 31. axb5 cxb3 32. cxb3 Qb4 33. Qe6 Re8 34. Qf7 Re7
35. Qc4 Rd7 36. b6 Rad8 37. Rfc1 Nd1 38. Qxb4 Bxb4 39. Bh3 Rd3 40. Bg1 Bc3 41.
Rab1 Ne3 42. b7 f5 43. Bxe3 Rxe3 44. Rc2 1-0

[Event "Gausdal Classics GMA"]
[Site "Gausdal NOR"]
[Date "2008.04.14"]
[Round "7"]
[White "Macieja, B."]
[Black "Ikonnikov, Vy"]
[Result "1-0"]
[WhiteElo "2599"]
[BlackElo "2578"]
[PlyCount "141"]
[EventDate "2008.04.08"]

1. d4 Nf6 2. Nf3 e6 3. c4 Bb4+ 4. Nbd2 b6 5. a3 Bxd2+ 6. Qxd2 Bb7 7. e3 O-O 8.
Be2 d6 9. O-O Nbd7 10. b4 Ne4 11. Qc2 f5 12. d5 e5 13. Nd2 Nxd2 14. Bxd2 c6 15.
dxc6 Bxc6 16. f4 Be4 17. Qa2 Kh8 18. Rad1 Qe7 19. Be1 Rac8 20. Rd2 exf4 21.
exf4 Nf6 22. Bh4 Bc6 23. Qb3 Qe6 24. Bxf6 Rxf6 25. Qd3 h6 26. Rfd1 Ba4 27. Rc1
Bc6 28. Bf1 Qe4 29. Qd4 Re8 30. Rcd1 Ba4 31. Re2 Qxd4+ 32. Rxd4 Rxe2 33. Bxe2
Bc6 34. Kf2 Kg8 35. c5 bxc5 36. bxc5 dxc5 37. Rd8+ Kh7 38. h4 g5 39. hxg5 hxg5
40. fxg5 Rg6 41. Rc8 Be4 42. Rxc5 Rxg5 43. Bf3 Rg7 44. Ke3 Bxf3 45. gxf3 Rb7
46. Kf4 Rb3 47. Ra5 Kg6 48. Ra6+ Kf7 49. Rxa7+ Kf6 50. Ra6+ Kf7 51. a4 Ra3 52.
Ra7+ Kf6 53. Ra8 Kf7 54. Ra5 Kg6 55. Ra7 Kf6 56. Ra8 Kf7 57. Ra5 Kg6 58. Ra6+
Kf7 59. a5 Ke7 60. Ra8 Kf6 61. Ra6+ Kf7 62. Kg3 Ra4 63. f4 Ke7 64. Ra8 Ra1 65.
Kh4 Ke6 66. a6 Kd5 67. a7 Ke4 68. Kg5 Kf3 69. Kxf5 Ra5+ 70. Kg6 Ra6+ 71. Kg5
1-0

[Event "Gausdal Classics GMA"]
[Site "Gausdal NOR"]
[Date "2008.04.14"]
[Round "7"]
[White "Moskow, E."]
[Black "Kaidanov, G."]
[Result "0-1"]
[WhiteElo "2229"]
[BlackElo "2596"]
[PlyCount "92"]
[EventDate "2008.04.08"]

1. c4 e6 2. g3 d5 3. Bg2 g6 4. Nf3 Bg7 5. O-O Ne7 6. d4 O-O 7. Nc3 Nbc6 8. cxd5
exd5 9. Bg5 f6 10. Bd2 Be6 11. Na4 b6 12. Rc1 Qd7 13. Qb3 Rac8 14. Bb4 Nxb4 15.
Qxb4 Nf5 16. Rfd1 Rfe8 17. Bf1 Bh6 18. Rc2 Nd6 19. Nd2 Bf5 20. Rcc1 Nc4 21.
Nxc4 Bxc1 22. Rxc1 dxc4 23. Rd1 c5 24. Qxc4+ Kg7 25. Nc3 cxd4 26. Qxd4 Qxd4 27.
Rxd4 Rcd8 28. Rc4 Re7 29. b4 Rd2 30. a4 Rc2 31. e4 Be6 32. Nd5 Rxc4 33. Bxc4
Bxd5 34. Bxd5 Rc7 35. Kg2 Rc3 36. g4 g5 37. f3 Ra3 38. Bc6 Rb3 39. b5 Ra3 40.
Kg3 Rxa4 41. h4 h6 42. hxg5 hxg5 43. Kf2 Ra3 44. Bb7 Rb3 45. Bc6 Rc3 46. Ke2 a5
0-1